000 00562nab a2200229 a 4500
001 32547
003 98535
005 20201118100854.0
008 ||||||n9999 ||| || ||
041 _aspa
100 _aRojas Rojas, Eduardo
245 0 _aLimpiando QUE?
260 _aBogotá :
_bDefensoría del Pueblo,
_c1996.
562 _e0
650 _aCOLOMBIA
650 _aESTADISTICAS SOCIALES
650 _aHOMICIDIO
650 _aINDIGENCIA
650 _aVIOLENCIA--ASPECTOS SOCIALES
773 _032546
_aSu defensor - No.40
942 _cSART
999 _c32547
_d32547